header

A new history of Kentucky (Record no. 128657)

MARC details
000 -LEADER
fixed length control field 01199nam a2200313Ia 4500
082 04 - DEWEY DECIMAL CLASSIFICATION NUMBER
Classification number 976.9
100 1# - MAIN ENTRY--AUTHOR NAME
Personal name Harrison, Lowell Hayes,
245 12 - TITLE STATEMENT
Title A new history of Kentucky
260 ## - PUBLICATION, DISTRIBUTION, ETC. (IMPRINT)
Place of publication Lexington, KY :
Name of publisher University Press of Kentucky,
Year of publication c1997.
300 ## - PHYSICAL DESCRIPTION
Number of Pages xvi, 533 p. :
Other physical details ill., maps.
700 1# - ADDED ENTRY--PERSONAL NAME
Personal name Klotter, James C.
856 40 - ELECTRONIC LOCATION AND ACCESS
Uniform Resource Identifier http://site.ebrary.com/lib/rucke/Doc?id=10464786

No items available.

© 2026 Rongo University
Contact us: librarian | system librarian | Rongo university